000 00574nam a2200193 a 4500
005 20140310183457.0
008 100108s19uu xx 00 eng d
020 _a9780470699546
050 _aRC 394.W6
_b.T46 2009
100 _aThomson, Michael
245 _aThe psychology of dyslexia :
_ba handbook for teachers /
_cMichael Thomson
260 _aU.S.A :
_bWiley-Blackwell,
_c2009.
300 _a236 p. :
_bill. ;
_c24 cm.
521 _aEDU
650 _aDyslexia
_xEducation.
650 _aDyslexia
_xHandbook for teachers.
942 _cBK
_2lcc
_kFOR
999 _c23661
_d23661